| 000 | 00362nam a2200133Ia 4500 | ||
|---|---|---|---|
| 008 | 240624s9999 xx 000 0 und d | ||
| 041 | _aeng | ||
| 082 | _a332.6322 CON | ||
| 100 | _aCONRAD ROGER S | ||
| 245 | _aPOWER HUNGRY STRATEGIC INVESTING IN TELE | ||
| 260 |
_c2002 _aNew Jersey _bJohn Wiley and Sons |
||
| 300 | _axxvi, : 310 : p. : cm. ; 23 | ||
| 365 |
_c _b35 |
||
| 999 |
_c8185 _d8185 |
||